Implementace efektivního systému řízení zásob do výrobního podniku

Kvalitným a efektívnym riadením zásob môže podnik dosiahnúť zlepšenie cashflow i návratnosť investícií. Návrh optimálneho systému riadenia zásob a jeho zavedenie do podniku. Úspory zásob predstavujú výraznú redukciu stavu zásob a zvýšenie prosperity firmy.

Salvato in:
Dettagli Bibliografici
Autore principale: Míková, Růžena
Natura: Capitolo di libro
Lingua:ceco
Soggetti:
Tags: Aggiungi Tag
Nessun Tag, puoi essere il primo ad aggiungerne!!

MARC

LEADER 00000nla$a2200000$$$4500
001 0149100
005 20221107084446.7
041 0 |a cze 
044 |a CZ 
245 1 0 |a Implementace efektivního systému řízení zásob do výrobního podniku  |c Růžena Míková 
520 |a Kvalitným a efektívnym riadením zásob môže podnik dosiahnúť zlepšenie cashflow i návratnosť investícií. Návrh optimálneho systému riadenia zásob a jeho zavedenie do podniku. Úspory zásob predstavujú výraznú redukciu stavu zásob a zvýšenie prosperity firmy. 
610 2 0 |a hospodárstvo podnikové 
610 2 0 |a činnosť hospodárska 
610 2 0 |a logistika podniková 
610 2 0 |a zásoby 
610 2 0 |a riadenie zásob 
610 2 0 |a investície finančné 
610 2 0 |a návratnosť investícií 
610 2 0 |a cash flow 
100 1 |a Míková, Růžena